000 00698nam a2200241Ia 4500
003 OSt
005 20251022100037.0
008 241129s9999||||xx |||||||||||||| ||und||
020 _a9781844573608
037 _aGeneral books
040 _aRTL
_beng
_cRTL
041 _aeng
_2eng
084 _aY:3(NW) K9;Q3
_qRTL
100 _aWollen, Peter.
_9239849
245 0 _aSigns and meaning in the cinema
_cWollen Peter
250 _a5th
260 _aNew York
_bBloomsbury
_c2013
300 _axvi,268 p.
_bIncludes bibliographical references and index.
365 _aINR
_b2424.43
650 _aSociology
_9849087
942 _cGB
_hY:3(NW) K9;Q3
_2CC
_n0
999 _c1224824
_d1224824